[Event "EU-ch U10 27th"]
[Site "Mamaia"]
[Date "2017.09.11"]
[Round "6"]
[White "Herega, Nejc"]
[Black "Craita, Alexandru Stefan"]
[Result "0-1"]
[WhiteElo "1728"]
[BlackElo "1319"]
[PlyCount "54"]
[EventDate "2017.09.05"]
[EventType "swiss"]
[EventRounds "9"]
[EventCountry "ROU"]
[SourceTitle "CBM 180 Extra"]
[Source "ChessBase"]
[SourceDate "2017.10.06"]
[SourceVersion "1"]
[SourceVersionDate "2017.10.06"]
[SourceQuality "1"]

1. d4 f5 2. Qd3 e6 3. g4 fxg4 4. h3 g3 5. Qxg3 Nf6 6. Nc3 d5 7. e3 Nc6 8. a3 Bd7 9. Bd3 g6 10. h4 Bd6 11. Qg2 Rg8 12. Bd2 Qe7 13. Nb5 0-0-0 14. 0-0-0 e5 15. Nxd6+ Qxd6 16. Ne2 exd4 17. exd4 Rde8 18. c3 Bf5 19. Bf4 Qd7 20. Ng3 Bxd3 21. Rxd3 Na5 22. Bd2 Qb5 23. Rf3 Nc4 24. b4 Qa4 25. Rxf6 Qxa3+ 26. Kd1 Qa1+ 27. Bc1 Qa4# 0-1

[Event "ROM-ch U10"]
[Site "Baile Felix"]
[Date "2017.02.06"]
[Round "6"]
[White "Robu, Calin Damian"]
[Black "Craita, Alexandru Stefan"]
[Result "0-1"]
[WhiteElo "1151"]
[BlackElo "1276"]
[PlyCount "94"]
[EventDate "2017.02.02"]
[EventType "swiss"]
[EventRounds "9"]
[EventCountry "ROU"]
[SourceTitle "CBM 176 Extra"]
[Source "ChessBase"]
[SourceDate "2017.03.02"]
[SourceVersion "1"]
[SourceVersionDate "2017.03.02"]
[SourceQuality "1"]

1. d4 f5 2. e4 fxe4 3. Nc3 Nf6 4. Bg5 d5 5. Bxf6 exf6 6. Qh5+ g6 7. Qxd5 Qxd5 8. Nxd5 Bd6 9. Nxf6+ Kf7 10. Nxe4 Re8 11. f3 Bf5 12. Bd3 Nc6 13. c3 Bf4 14. Ne2 Be3 15. d5 Ne5 16. Bb5 Red8 17. g4 Nxf3+ 18. Kf1 Bxe4 19. Rd1 Nd2+ 20. Rxd2 Bxd2 21. Rg1 Rxd5 22. Bc4 Kg7 23. Bxd5 Bxd5 24. Rg3 Rf8+ 25. Kg1 Bc4 26. Nd4 Rf1+ 27. Kg2 Be1 28. Rf3 Rxf3 29. Kxf3 Bxa2 30. Ke2 Bh4 31. b3 Bf6 32. b4 Bxd4 33. cxd4 Kf6 34. Ke3 Ke6 35. Kf4 Kd5 36. Kg5 Kxd4 37. Kh6 Be6 38. Kxh7 Bxg4 39. Kxg6 c5 40. bxc5 Kxc5 41. Kg5 Bd1 42. h4 a5 43. h5 Bxh5 44. Kxh5 a4 45. Kg5 a3 46. Kf5 a2 47. Ke4 a1Q 0-1

[Event "ROM-ch U10"]
[Site "Baile Felix"]
[Date "2017.02.05"]
[Round "5"]
[White "Craita, Alexandru Stefan"]
[Black "Derevenciuc, Dragos Cristian"]
[Result "0-1"]
[WhiteElo "1276"]
[BlackElo "1091"]
[PlyCount "42"]
[EventDate "2017.02.02"]
[EventType "swiss"]
[EventRounds "9"]
[EventCountry "ROU"]
[SourceTitle "CBM 176 Extra"]
[Source "ChessBase"]
[SourceDate "2017.03.02"]
[SourceVersion "1"]
[SourceVersionDate "2017.03.02"]
[SourceQuality "1"]

1. e4 e5 2. f4 Bc5 3. Nf3 d6 4. c3 Nf6 5. d4 exd4 6. cxd4 Bb4+ 7. Bd2 Bxd2+ 8. Nbxd2 0-0 9. Bd3 Bg4 10. 0-0 c6 11. Qb3 b6 12. Rac1 Be6 13. Bc4 Bxc4 14. Qxc4 d5 15. Qd3 dxe4 16. Nxe4 Nxe4 17. Qxe4 Re8 18. Qd3 Qe7 19. Rfe1 Qd8 20. Rxe8+ Qxe8 21. Re1 Qd8 0-1

[Event "ROM-ch U10"]
[Site "Baile Felix"]
[Date "2017.02.04"]
[Round "3"]
[White "Craita, Alexandru Stefan"]
[Black "Cnejev, Vladimir Alexandru"]
[Result "0-1"]
[WhiteElo "1276"]
[BlackElo "1514"]
[PlyCount "123"]
[EventDate "2017.02.02"]
[EventType "swiss"]
[EventRounds "9"]
[EventCountry "ROU"]
[SourceTitle "CBM 176 Extra"]
[Source "ChessBase"]
[SourceDate "2017.03.02"]
[SourceVersion "1"]
[SourceVersionDate "2017.03.02"]
[SourceQuality "1"]

1. e4 e5 2. f4 Bc5 3. Nf3 d6 4. c3 Nf6 5. d4 exd4 6. cxd4 Bb4+ 7. Bd2 Bxd2+ 8. Nbxd2 0-0 9. e5 Nd5 10. g3 Bf5 11. Bg2 Ne3 12. Qb3 Nc2+ 13. Kd1 Nxa1 14. Qxb7 Nd7 15. Nh4 Rb8 16. Qf3 Rxb2 17. Nxf5 dxe5 18. Qa3 Qb8 19. Ne7+ Kh8 20. Nc6 Rb1+ 21. Nxb1 Qxb1+ 22. Ke2 Qc2+ 23. Kf1 Qd1+ 24. Kf2 Qd2+ 25. Kg1 Nc2 26. Qf3 Nxd4 27. Nxd4 Qxd4+ 28. Kf1 Qa1+ 29. Kf2 Qxa2+ 30. Qe2 Qxe2+ 31. Kxe2 exf4 32. gxf4 Rb8 33. Rd1 Nc5 34. Rc1 Ne6 35. Rc4 Rd8 36. f5 Nd4+ 37. Ke1 Re8+ 38. Kf2 Nxf5 39. Rxc7 Nh6 40. Rxa7 g6 41. h3 Kg7 42. Kf3 Nf5 43. Kf2 h5 44. Bd5 Re7 45. Ra8 Re5 46. Rd8 Ne7 47. Bc4 Rc5 48. Bb3 Rc3 49. Rb8 Rxh3 50. Rb7 Rh2+ 51. Kg1 Rb2 52. Kf1 h4 53. Kg1 h3 54. Kh1 g5 55. Rb5 g4 56. Rb4 f5 57. Rb7 Kf6 58. Rb6+ Kg5 59. Rb7 Ng6 60. Rb6 g3 61. Rxg6+ Kxg6 62. Bd1 0-1

[Event "ROM-ch U08"]
[Site "Calimanesti"]
[Date "2014.04.11"]
[Round "7"]
[White "Craita, Alexandru Stefan"]
[Black "Creanga, Robert Ionut"]
[Result "0-1"]
[WhiteElo "1284"]
[BlackElo "1276"]
[PlyCount "48"]
[EventDate "2014.04.06"]
[EventType "swiss"]
[EventRounds "9"]
[EventCountry "ROU"]
[SourceTitle "CBM 160 Extra"]
[Source "ChessBase"]
[SourceDate "2014.07.01"]
[SourceVersion "1"]
[SourceVersionDate "2014.07.01"]
[SourceQuality "1"]

1. e4 e5 2. Nf3 Nc6 3. Bc4 Nf6 4. Nc3 Nxe4 5. Nxe4 d5 6. Bxd5 Qxd5 7. Nc3 Qd8 8. 0-0 Bg4 9. h3 Bh5 10. Re1 Bd6 11. d4 0-0 12. dxe5 Nxe5 13. Bd2 Nxf3+ 14. gxf3 Qf6 15. Kg2 Rad8 16. Qc1 Qxf3+ 17. Kg1 Qxh3 18. Bf4 Qg4+ 19. Bg3 Bxg3 20. fxg3 Qxg3+ 21. Kf1 Bg4 22. Re3 Bh3+ 23. Ke2 Qg2+ 24. Ke1 Qf1# 0-1

[Event "ROM-ch U08"]
[Site "Calimanesti"]
[Date "2014.04.09"]
[Round "4"]
[White "Hogas, Mihai"]
[Black "Craita, Alexandru Stefan"]
[Result "1-0"]
[WhiteElo "1191"]
[BlackElo "1284"]
[PlyCount "73"]
[EventDate "2014.04.06"]
[EventType "swiss"]
[EventRounds "9"]
[EventCountry "ROU"]
[SourceTitle "CBM 160 Extra"]
[Source "ChessBase"]
[SourceDate "2014.07.01"]
[SourceVersion "1"]
[SourceVersionDate "2014.07.01"]
[SourceQuality "1"]

1. e4 e5 2. Nf3 Nc6 3. Bc4 Be7 4. c3 Nf6 5. d3 d6 6. h3 0-0 7. 0-0 h6 8. Re1 Re8 9. Be3 d5 10. exd5 Nxd5 11. Bc1 Bf6 12. Nbd2 Nf4 13. Ne4 Bh4 14. d4 exd4 15. Bxf4 Bf5 16. Ned2 Qf6 17. cxd4 Nxd4 18. Nxd4 Qxd4 19. Qf3 Bg5 20. Bxg5 hxg5 21. Rxe8+ Rxe8 22. Qxf5 Rf8 23. Qc2 Qc5 24. Re1 b5 25. Bd3 Qd6 26. Re3 g4 27. hxg4 Qh6 28. Rh3 Qd6 29. Bxb5 g6 30. Qc3 f6 31. Bc4+ Kg7 32. Rd3 Qe7 33. Nf3 Rh8 34. Qd2 Qc5 35. Rd7+ Kf8 36. Rf7+ Ke8 37. Qd7# 1-0

[Event "ROM-ch U08"]
[Site "Calimanesti"]
[Date "2014.04.06"]
[Round "1"]
[White "Craita, Alexandru Stefan"]
[Black "Filip, Andrei"]
[Result "1-0"]
[WhiteElo "1284"]
[BlackElo "1019"]
[PlyCount "101"]
[EventDate "2014.04.06"]
[EventType "swiss"]
[EventRounds "9"]
[EventCountry "ROU"]
[SourceTitle "CBM 160 Extra"]
[Source "ChessBase"]
[SourceDate "2014.07.01"]
[SourceVersion "1"]
[SourceVersionDate "2014.07.01"]
[SourceQuality "1"]

1. e4 e5 2. Bc4 Nc6 3. Nf3 Nf6 4. Nc3 Bb4 5. d3 0-0 6. Bg5 h6 7. Bh4 d6 8. h3 Qe8 9. Bxf6 gxf6 10. 0-0 Bxc3 11. bxc3 Kh7 12. d4 exd4 13. Nxd4 Rg8 14. Kh2 Qe5+ 15. g3 Qe7 16. Qd2 Ne5 17. Qe3 Nxc4 18. Qf4 c5 19. Nf5 Bxf5 20. Qxf5+ Kh8 21. Rad1 b6 22. Rd3 Rae8 23. Re1 Qe5 24. Qd7 Qh5 25. Qxa7 Ne5 26. g4 Rxg4 27. Qxb6 Nxd3 28. cxd3 Rh4 29. Re3 Qg6 30. Qxd6 Rg8 31. Rg3 Rxh3+ 32. Kxh3 Qh5+ 33. Kg2 Rxg3+ 34. Qxg3 Qd1 35. Qf3 Qd2 36. Qxf6+ Kh7 37. Qxf7+ Kh8 38. e5 Qxd3 39. e6 Qd5+ 40. Kg3 Qxa2 41. Qf6+ Kg8 42. e7 Qf7 43. Qe5 Qe8 44. Qe6+ Kh8 45. f4 h5 46. f5 Qb8+ 47. Kh3 Qe8 48. f6 Qb8 49. f7 Qf8 50. exf8Q+ Kh7 51. Qe4# 1-0